00781nam a22002537a 45000010005000000030006000050050017000110080041000280200018000690400029000870500014001160820008001301000018001382450047001562600047002033000050002504900050003005050009003505210030003595210020003896500043004096500034004527000041004869075FISKH20251118163311.0251118b cb ||||| |||| 00| 0 eng d a9780736828888 aFISKHbengcFISKHdFISKH aTA149.B38 a624 aBauer, David aPeople change the land / cBy David Bauer aMinnesota : bRed Brick Learning , c2004. a16 pages : bcolor illustrations ; c20 cm .  aYellow Umbrella Books (Soc Studies - Level B) aG 8 a371 bLexile estimate 8 aG bRaz-Plus  aCivil engineeringvJuvenile Literature aLnad usevJuvenile Literature aLindeen, Mary eEditorial Dicrector